Miasta na prawach powiatu na literę B - Statystyki

Ogólne statystyki
  • Ten quiz został rozwiązany 19 razy
  • Średni wynik to 4 z 5
Statystyki odpowiedzi
Miasto % Poprawnych
Białystok
89%
Bielsko-Biała
84%
Bydgoszcz
84%
Biała Podlaska
79%
Bytom
79%
Nie znaleziono quizów pasujących do podanych kryteriów
Rozkład punktacji
Procent ludzi z każdym wynikiem
Percentyl według liczby udzielonych odpowiedzi
Twoja historia wyników
Nie rozwiązałeś tego quizu